000 00432nam a2200181Ia 4500
001 14126
005 20260306164851.0
008 260306t2007||||xx |||||||||||||| ||spa||
041 _aESP
082 _a501
_bC76 2007
100 _aComellas, José Luis
_eAUT
245 0 _aHistoria sencilla de la ciencia
260 _c2007
300 _a311 páginas :
_c24 cm.
650 _aGEN
654 _aCCN
942 _cLIB
_dJUS
_fJUS
_2ddc
_n
999 _c14126
_d14126